000 nam a22 7a 4500
999 _c2034
_d2034
005 20170515092050.0
008 170515b1993 my ||||| |||| 00| 0 eng d
040 _aAKMAL
082 _a354.595 AHM
090 _a354.595
_bAHM
100 0 _aAhmad Sarji bin Abdul Hamid,
_94207
245 1 0 _a Improvements and development in the public service for the year 1992 /
_creport by Ahmad Sarji bin Abdul Hamid.
260 _a[Kuala Lumpur] :
_b Government of Malaysia,
_c1993
300 _axiv,704p. [8]p. of plates :
_bill. (some col.), facsims.,forms,ports. ;
_c25cm
710 1 _aMalaysia
_9400
852 4 1 _aBritish Library
_bHMNTS
942 _2ddc
_cBOOK